| 000 | 00761nam a2200217 a 4500 | ||
|---|---|---|---|
| 001 | 39168 | ||
| 003 | BD-RjUL | ||
| 005 | 20211209052931.0 | ||
| 008 | 160405t2004 bg ||||e |||| 00| 0 ben d | ||
| 020 |
_a9845602169 _cTk. 120.00 |
||
| 035 | _a(BD-RjUL)39280 | ||
| 040 |
_aBD-RjUL _bben _cBD-RjUL |
||
| 041 | _aben | ||
| 082 |
_223 _a891.44 _bKHS 2004 |
||
| 100 |
_aখাতুন, সন্জীদা . _9120836 |
||
| 245 | 1 | 0 |
_aসংস্কৃতি-কথা সাহিত্য-কথা _cসন্জীদা খাতুন . |
| 260 |
_a ঢাকা : _bজাতীয় সাহিত্য প্রকাশ, _c২০০৪ |
||
| 300 |
_a১৬৪ পৃ. ; _c২২ সেমি. |
||
| 650 |
_aBangla Literature _9120949 |
||
| 942 |
_2ddc _cBK |
||
| 999 |
_c39168 _d39168 |
||